000
00171 a2200097 4500
001
2721
100
_a
Moore, H.T.
245
_a
260
_a
_b
_c
090
_c
2017
_d
2017
942
_a
NUST-CAE
_c
M
_c
11303
999
_c
237794
_d
237794